| 000 | 00447nam a2200157Ia 4500 | ||
|---|---|---|---|
| 008 | 220204s9999 xx 000 0 und d | ||
| 082 |
_a339.9 _bWIL |
||
| 100 | _aWILLIAMSON, John | ||
| 245 | 0 | _aOpen economy and the world economy: A textbook in international economics | |
| 260 |
_aNew York _bBasic _c1983 |
||
| 650 | _aInternational economics | ||
| 650 | _aMacroeconomics | ||
| 650 | _aMicroeconomics | ||
| 650 | _aWorld Economy | ||
| 942 | _cBK | ||
| 999 |
_c37038 _d37038 |
||